• 首页
  • 本馆介绍
  • 公告通知
  • 最新文献
  • 馆藏检索
  • 电子资源
  • 读者导购
  • 参考咨询
  • 我的图书馆
  • 登录
  • 详细信息显示
  • 放入我的书架
  • 预约/预借图书
  • 作者相关作品
  • 分类相关作品
  • 丛书相关作品
  • 出版社相关作品

书目信息

  • 表格格式
  • 工作单格式
  • 卡片格式
题名:
数据中心一体化最佳实践
    
 
作者: 巴罗索 , 霍尔兹勒 , 兰加纳坦 著 ;徐凌杰 译
分册:  
出版信息: 北京   机械工业出版社  2020
页数: 13,161页
开本: 26cm
丛书名: 数据科学与工程技术丛书
单 册:
中图分类: TP308 , TP30
科图分类:
主题词: 计算机中心--一体化
电子资源:
ISBN: 978-7-111-64486-6
000 01694oam2 2200301 450
001 2269055035
005 20221001191147.00
010    @a978-7-111-64486-6@dCNY79.00
100    @a20200408d2020 em y0chiy50 ea
101 1  @achi@ceng
102    @aCN@b110000
105    @aa z 000yy
200 1  @a数据中心一体化最佳实践@9shu ju zhong xin yi ti hua zui jia shi jian@e设计仓储级计算机@dThe datacenter as a computer@edesigning warehouse-scale machines@f(美)路易斯·安德烈·巴罗索(Luiz Andre Barroso),(美)乌尔斯·霍尔兹勒(Urs Holzle),(美)帕塔萨拉蒂·兰加纳坦(Parthasarathy Ranganathan)著@g徐凌杰译@zeng
210    @a北京@c机械工业出版社@d2020
215    @a13,161页@c图,照片@d26cm
225 2  @a数据科学与工程技术丛书
330    @a本书共分8章。第1章概述仓储级计算机及其架构;第2章介绍WSC中运行的应用,以及包括平台层软件、集群层基础软件、监控和管理软件在内的系统基础设施技术栈;第3章涵盖关键的硬件组件,重点讨论服务器和加速器组件、存储架构和数据中心网络设计,以及计算、存储和网络之间的相互作用;第4章着重点关注数据中心电力、冷却基础设施和建筑的设计;第5章讨论能耗和能效相关的话题;第6章讲解如何对WSC的TCO进行建模;第7章讨论正常运行时间和可用性;第8章总结历史趋势并展望未来。
461  0 @12001 @a数据科学与工程技术丛书
510 1  @aDatacenter as a computer@edesigning warehouse-scale machines@zeng
606 0  @a计算机中心@x一体化
690    @aTP308@v5
690    @aTP30@v4
701  0 @c(美)@a巴罗索@9ba luo suo@c(Barroso, Luiz Andre)@4著
701  0 @c(美)@a霍尔兹勒@9huo er zi lei@c(Holzle, Urs)@4著
701  0 @c(美)@a兰加纳坦@9lan jia na tan@c(Ranganathan, Parthasarathy)@4著
702  0 @a徐凌杰@9xu ling jie@4译
801  0 @aCN@b91MARC@c20200408
905    @aZUCC@dTP30@e58
    
    数据中心一体化最佳实践:设计仓储级计算机=The datacenter as a computer:designing warehouse-scale machines/(美)路易斯·安德烈·巴罗索(Luiz Andre Barroso),(美)乌尔斯·霍尔兹勒(Urs Holzle),(美)帕塔萨拉蒂·兰加纳坦(Parthasarathy Ranganathan)著/徐凌杰译.-北京:机械工业出版社,2020
    13,161页:图,照片;26cm.-(数据科学与工程技术丛书)
    
    
    ISBN 978-7-111-64486-6:CNY79.00
    本书共分8章。第1章概述仓储级计算机及其架构;第2章介绍WSC中运行的应用,以及包括平台层软件、集群层基础软件、监控和管理软件在内的系统基础设施技术栈;第3章涵盖关键的硬件组件,重点讨论服务器和加速器组件、存储架构和数据中心网络设计,以及计算、存储和网络之间的相互作用;第4章着重点关注数据中心电力、冷却基础设施和建筑的设计;第5章讨论能耗和能效相关的话题;第6章讲解如何对WSC的TCO进行建模;第7章讨论正常运行时间和可用性;第8章总结历史趋势并展望未来。
●
相关链接 在五车中查询图书 在当当中查询图书 在豆瓣中查询图书


正题名:数据中心一体化最佳实践     索取号:TP30/58         预约/预借

序号 登录号 条形码 馆藏地/架位号 状态 备注
1 2000910685   2000910685   第三书库/ [索取号:TP30/58] 在馆    
2 2000910686   2000910686   第三书库/ [索取号:TP30/58] 在馆    
3 2000910687   2000910687   第三书库/ [索取号:TP30/58] 在馆    
山东省滨州职业学院图书馆 欢迎您!
大连网信软件有限公司© 版权所有